A bridge through time : a memoir /

محفوظ في:

المؤلف الرئيسي: Abou-Saif, Laila, 1941- (مؤلف)

التنسيق: كتاب

اللغة: English

منشور في: London ; New York : Quartet Books, 1986, c1985.

الموضوعات:

الوسوم: إضافة وسم

لا توجد وسوم, كن أول من يضع وسما على هذه التسجيلة!

رقم الطلب: CT2718 .S27 A33 1986

LEADER 00808nam a2200289 a 4500
001 9975
003 OSt
005 20251116134424.0
008 130303t19861985enk 000 0aeng d
010 |a 90120649 
020 |a 070432587x 
035 |a ocm21196301 
040 |c ARCE Library 
043 |a f-ua--- 
050 4 |a CT2718 .S27 A33 1986 
100 1 |a Abou-Saif, Laila,  |d 1941-  |e author 
245 1 2 |a A bridge through time :  |b a memoir /  |c Laila Abou Saif. 
264 1 |a London ;  |a New York :  |b Quartet Books,  |c 1986, c1985. 
300 |a 282 pages ;   |c 23 cm. 
555 |a .alaa-sweed 
600 1 0 |a Abou-Saif, Laila,  |d 1941- 
650 0 |a Women  |z Egypt  |x Social conditions. 
651 0 |a Egypt  |v Biography. 
852 |a IN  |c 20090707085418.0n  |p 9707 
901 |a reviewed 
942 |c BK  |2 lcc 
999 |c 10440  |d 10440